[Event "DM Kandidatklassen 2021"]
[Site "Svendborg"]
[Date "2021.10.24"]
[Round "7.3"]
[White "Rey Malde, Henrique"]
[Black "Thorsbro, Peter"]
[Result "1/2-1/2"]
[WhiteElo "2260"]
[BlackElo "2171"]
[PlyCount "119"]
[EventDate "2021.10.18"]
[EventType "swiss"]
[EventRounds "7"]
[EventCountry "DEN"]

1. e4 e5 2. Nf3 Nc6 3. Bb5 a6 4. Ba4 Nf6 5. d3 b5 6. Bb3 Be7 7. O-O O-O 8. Re1
d6 9. c3 Bb7 10. Nbd2 h6 11. Nf1 Re8 12. Ng3 Bf8 13. d4 Na5 14. Bc2 c5 15. d5
Bc8 16. h3 Bd7 17. b3 c4 18. b4 Nb7 19. Be3 Qc7 20. Qd2 Rec8 21. Nh2 a5 22. a3
Qd8 23. f4 axb4 24. axb4 Rxa1 25. Rxa1 Ra8 26. Ba7 Qc7 27. fxe5 dxe5 28. Qe1
Nd6 29. Be3 Rxa1 30. Qxa1 Be8 31. Nf3 Nd7 32. Qa5 Qb7 33. Bc5 Qb8 34. Bf2 g6
35. Be3 f5 36. exf5 e4 37. Nxe4 Nxe4 38. Bxe4 Nf6 39. Bc2 Nxd5 40. Bd4 Qf4 41.
Qa1 gxf5 42. Qe1 Bf7 43. Qe5 Qxe5 44. Nxe5 Nf4 45. Kf2 Be6 46. h4 Bg7 47. g3
Bxe5 48. Bxe5 Nd3+ 49. Bxd3 cxd3 50. Ke3 Bc4 51. h5 Kh7 52. Bf4 Bf7 53. Kxd3
Bxh5 54. c4 bxc4+ 55. Kxc4 Bf3 56. Kc5 Kg6 57. b5 Kh5 58. Kd6 Kg4 59. Bxh6 Kxg3
60. Ke5 1/2-1/2

[Event "DM Kandidatklassen 2021"]
[Site "Svendborg"]
[Date "2021.10.24"]
[Round "7.5"]
[White "Liu, Casper Yukun"]
[Black "Nilssen, Ellen Fredericia"]
[Result "0-1"]
[WhiteElo "2150"]
[BlackElo "2081"]
[PlyCount "73"]
[EventDate "2021.10.18"]
[EventType "swiss"]
[EventRounds "7"]
[EventCountry "DEN"]

1. e4 c5 2. Nc3 d6 3. d4 cxd4 4. Qxd4 Nc6 5. Qd2 g6 6. b3 Bh6 7. f4 Nf6 8. Bb2
O-O 9. O-O-O e5 10. g3 Re8 11. Bg2 Bg4 12. Re1 exf4 13. h3 Be6 14. gxf4 Nh5 15.
Nge2 Qh4 16. Rhf1 Rad8 17. Kb1 d5 18. Nxd5 Bxd5 19. exd5 Ne7 20. d6 Nf5 21. d7
Re7 22. Rd1 Ne3 23. Qc3 Bg7 24. Qc7 Re6 25. f5 gxf5 26. Bxg7 Nxg7 27. Rd4 Qe7
28. Rg1 Nxc2 29. Qxc2 Rxe2 30. Qc7 Re1+ 31. Rxe1 Qxe1+ 32. Qc1 Qxc1+ 33. Kxc1
Ne6 34. Rd6 Kf8 35. Bxb7 Ke7 36. Rd5 Rxd7 37. Kd2 0-1

[Event "DM Kandidatklassen 2021"]
[Site "Svendborg"]
[Date "2021.10.24"]
[Round "7.6"]
[White "Guindy, Esmat Susanne"]
[Black "Meskenas, Paulius"]
[Result "1/2-1/2"]
[WhiteElo "2113"]
[BlackElo "2044"]
[PlyCount "41"]
[EventDate "2021.10.18"]
[EventType "swiss"]
[EventRounds "7"]
[EventCountry "DEN"]

1. d4 Nf6 2. c4 g6 3. g3 c6 4. Bg2 d5 5. cxd5 cxd5 6. Nf3 Bg7 7. Nc3 Nc6 8. O-O
O-O 9. Ne5 e6 10. Nxc6 bxc6 11. Na4 a5 12. b3 Ba6 13. Nc5 Qb6 14. Ba3 Rfd8 15.
Nxa6 Qxa6 16. Rc1 a4 17. Bc5 axb3 18. axb3 Qb5 19. e3 Nd7 20. b4 Nxc5 21. bxc5
1/2-1/2

[Event "DM Kandidatklassen 2021"]
[Site "Svendborg"]
[Date "2021.10.24"]
[Round "7.7"]
[White "Koch Mueller, Oscar"]
[Black "Kolbak, Jens"]
[Result "0-1"]
[WhiteElo "1952"]
[BlackElo "2177"]
[PlyCount "112"]
[EventDate "2021.10.18"]
[EventType "swiss"]
[EventRounds "7"]
[EventCountry "DEN"]

1. d4 Nf6 2. c4 e6 3. Nc3 d5 4. cxd5 exd5 5. Bg5 Be7 6. e3 Nbd7 7. Bd3 c6 8.
Qc2 h6 9. Bh4 O-O 10. Nf3 Re8 11. O-O Ne4 12. Bxe7 Qxe7 13. b4 Ndf6 14. b5 Bd7
15. bxc6 Bxc6 16. Rfc1 Nxc3 17. Qxc3 Ne4 18. Bxe4 dxe4 19. Ne5 Bd5 20. Qc7 Qe6
21. a3 Kh7 22. h3 h5 23. Qd7 f6 24. Qxe6 Rxe6 25. Rc5 Rd8 26. Nc4 Rd7 27. Rb1
Re8 28. Nd2 b6 29. Rc3 g5 30. Rbc1 Ree7 31. g3 Kg6 32. Rc8 Bb7 33. R8c4 h4 34.
Nb1 hxg3 35. fxg3 f5 36. Nc3 f4 37. gxf4 gxf4 38. exf4 Kf5 39. Nb5 a6 40. Nc3
e3 41. Kf1 Kxf4 42. d5+ Kg3 43. Ne2+ Kh2 44. R1c2 Bxd5 45. Rg4 Bf3 46. Rd4 Kxh3
47. Rcc4 Rxd4 48. Rxd4 Bg4 49. Rd6 Rf7+ 50. Ke1 Kg2 51. Kd1 Kf2 52. a4 Bxe2+
53. Kc2 Bf3 54. a5 bxa5 55. Kb3 e2 56. Rd2 Ke3 0-1

[Event "DM Kandidatklassen 2021"]
[Site "Svendborg"]
[Date "2021.10.24"]
[Round "7.8"]
[White "Easwaralingam, Adesh"]
[Black "Loftgaard, Mikkel Vinh"]
[Result "1/2-1/2"]
[WhiteElo "2136"]
[BlackElo "2084"]
[PlyCount "41"]
[EventDate "2021.10.18"]
[EventType "swiss"]
[EventRounds "7"]
[EventCountry "DEN"]

1. e4 c5 2. Nf3 Nc6 3. d4 cxd4 4. Nxd4 e6 5. Nc3 Nf6 6. Ndb5 Bb4 7. a3 Bxc3+ 8.
Nxc3 d5 9. exd5 exd5 10. Bd3 d4 11. Ne2 O-O 12. O-O Bg4 13. Bg5 Qd6 14. f3 Bh5
15. Qd2 Nd5 16. Rfe1 f6 17. Bh4 Bf7 18. Bg3 Qd7 19. Nf4 Nb6 20. Rad1 Rad8 21.
Bf2 1/2-1/2